Statistics for The Office (US) Quiz. HARD

Click here to take the quiz!

General Stats

  • This quiz has been taken 239 times
  • The average score is 11 of 15

Answer Stats

Hint Answer % Correct
Who plays "Golden Face" In Threat Level Midnight?Jim
96%
What bone did Meredith crack when Micheal hit her with his car?Pelvis
92%
What is the name of Jane Levinson's daughter?Astrid
92%
Name one of the Dunder Mifflin branches other than scrantonMohawk
89%
What Companies are Dunder Mifflin's major competitors?Staples
88%
What was the first name of both the founders of Dunder Mifflin?Robert
82%
Why was Ryan Howard fired from Dunder Mifflin?Fraud
79%
What can Dwight "Raise and Lower" on command?Cholesterol
78%
What was Micheal's Username for his Dating website?Little Kid Lover
77%
Micheal Scott is not Superstitious but he is.....a Little stitious
69%
What was the name of the woman Stanley was having an affair with?Cynthia
67%
What was Carol's job?Real estate agent
59%
Who was Ryan's replacement after being fired from the Vice president of sales position?Charles
50%
Who was the top salesmen at the Telemarketing company that micheal joined as a second job ?Vicrum
34%
According to Dwight, What can you power for two days with the electricity that is keeping Meredith alive?Small fan
29%

Score Distribution

Percentile by Number Answered

Percent of People with Each Score

Your Score History

You have not taken this quiz